| 000 | 00946cam a22003013a 4500 | ||
|---|---|---|---|
| 001 | 2600 | ||
| 003 | PGUSA | ||
| 005 | 20140828083017.0 | ||
| 008 | 010401s2001||||xxu|||||s|||||000 1 eng d | ||
| 040 |
_aPGUSA _beng |
||
| 042 | _adc | ||
| 050 | 4 | _aPG | |
| 100 | 1 |
_aTolstoy, Leo, graf, _d1828-1910 |
|
| 245 | 1 | 0 |
_aWar and Peace _h[electronic resource] / _cLeo, graf Tolstoy |
| 260 |
_bProject Gutenberg, _c2001 |
||
| 506 | _aPublic domain in the USA. | ||
| 516 | _aElectronic text | ||
| 653 | _aRussia -- History -- Alexander I, 1801-1825 -- Fiction | ||
| 653 | _aWar stories | ||
| 653 | _aAristocracy (Social class) -- Russia -- Fiction | ||
| 653 | _aHistorical fiction | ||
| 653 | _aNapoleonic Wars, 1800-1815 -- Campaigns -- Russia -- Fiction | ||
| 700 | 1 |
_aMaude, Aylmer, _d1858-1938 |
|
| 700 | 1 |
_aMaude, Louise, _d1855-1939 |
|
| 830 | 0 |
_aProject Gutenberg _v2600 |
|
| 856 | 4 | 0 | _uhttp://www.gutenberg.org/ebooks/2600 |
| 942 | _cEB | ||
| 999 |
_c231937 _d231937 |
||